| 000 | 00648cab a2200253 4500 | ||
|---|---|---|---|
| 001 | WB2401-27 | ||
| 008 | 090401t1987 xxu||||| |||| 00| 0 eng d | ||
| 035 | _a(Sirsi) u93963 | ||
| 041 | _aeng | ||
| 245 | _aLeisure park investment | ||
| 260 | _c1987 | ||
| 350 | _a0 | ||
| 490 |
_aGuardian _v31/12/87 p23 |
||
| 520 | _aAn examination of the current boom in leisure park investment in Britain. | ||
| 650 | _aALTON TOWERS | ||
| 650 | _aBATTERSEA | ||
| 650 | _aLEISURE INDUSTRY | ||
| 650 | _aTHEME PARKS | ||
| 650 | _aTHORPE PARK | ||
| 650 | _aWONDERWORLD | ||
| 690 | _aPROPERTY LAW AND PRACTICE | ||
| 942 | _n0 | ||
| 948 | _c04/03/1997 | ||
| 999 |
_c59546 _d59546 |
||